Tariff schedule HS2007 for AIFTA- Malaysia.
| Format: | Book |
|---|---|
| Published: |
[S.I]:
[s.n],
[2010].
|
| Subjects: |
| LEADER | 00492cam a2200169 7i4500 | ||
|---|---|---|---|
| 001 | 0000027101 | ||
| 005 | 20111027090000.0 | ||
| 090 | 0 | 0 | |a T 382.7 |b TAR (M) |
| 245 | 0 | 0 | |a Tariff schedule HS2007 for AIFTA- Malaysia. |
| 260 | 0 | 0 | |a [S.I]: |b [s.n], |c [2010]. |
| 300 | # | # | |a 527p. |
| 650 | 0 | 0 | |a Tariff -- |z Malaysia |
| 650 | 0 | 0 | |a Tariff -- |x ASEAN-India (AIFTA) -- |x Free Trade Agreement |
| 651 | 0 | 0 | |a Malaysia |
| 651 | 0 | 0 | |a ASEAN |
| 651 | 0 | 0 | |a India |
| 999 | |a 0000029416 |b Book |c Tariffs |e Business Information Centre | ||